| 000 | 00709nam a22001937a 4500 | ||
|---|---|---|---|
| 003 | AM-YeHGA | ||
| 005 | 20250617153827.0 | ||
| 008 | 180201s xxu||||| |||| 00| 0 rus d | ||
| 040 | _aAM-YeHGA | ||
| 041 | 0 | _arus | |
| 245 | 0 | 0 |
_aТалка : _bЛитературно-художественный сборник / _cРед. Воробьев В.П. и др. |
| 260 |
_a[Иваново] : _bКн. изд-во, _c1962. |
||
| 300 |
_a77 с. : _bил. |
||
| 653 | 0 | _aФилологические науки | |
| 653 | 0 | _aПроизведения художественной литературы - Сборники | |
| 700 | 1 |
_aВоробьев, В.П. _eред. _4edt |
|
| 942 |
_2udc _cBK |
||
| 090 | _c401032 | ||
| 999 |
_c398895 _d398895 |
||